Povaha interního auditu v bankách zemí ES
Problémy definície vnútorného auditu. 3 základné požiadavky dobre fungujúceho vnútorného auditu: nezávislosť, oddelenosť, oprávnenie. Hlavné požiadavky na vnútorný audit. Rozsah vnútorného auditu.
Gespeichert in:
| 1. Verfasser: | |
|---|---|
| Format: | Buchkapitel |
| Sprache: | Tschechisch |
| Schlagworte: | |
| Tags: |
Keine Tags, Fügen Sie das erste Tag hinzu!
|
MARC
| LEADER | 00000naa a2200000 4500 | ||
|---|---|---|---|
| 001 | r023944 | ||
| 005 | 20221213081759.5 | ||
| 041 | 0 | |a cze | |
| 044 | |a CZ | ||
| 245 | 1 | 0 | |a Povaha interního auditu v bankách zemí ES |c Josef Tyll |
| 520 | |a Problémy definície vnútorného auditu. 3 základné požiadavky dobre fungujúceho vnútorného auditu: nezávislosť, oddelenosť, oprávnenie. Hlavné požiadavky na vnútorný audit. Rozsah vnútorného auditu. | ||
| 610 | 2 | 0 | |a audítorstvo |
| 610 | 2 | 0 | |a audítori |
| 610 | 2 | 0 | |a banky |
| 610 | 2 | 0 | |a Európske spoločenstvá |
| 610 | 2 | 0 | |a kontrola banková |
| 100 | 1 | |a Tyll, Josef | |